Lineamientos para la especialización hortifrutícola del Valle del Cauca (Registro nro. 5546)
[ vista simple ]
| 000 -CABECERA | |
|---|---|
| Campo de control | 00830nam a2200205 a 4500 |
| 005 - FECHA Y HORA DE LA ULTIMA TRANSACCION | |
| Campo de control | 20161012170332.0 |
| 008 - ELEMENTOS DE LONGITUD FIJA—INFORMACION GENERAL | |
| Campo de control | 161012s2002 ck d||||r|||| 00| 0 spa d |
| 020 ## - ISBN | |
| ISBN | 9583356441 |
| 040 ## - FUENTE DE CATALOGACIÓN | |
| Agencia catalogadora original | CO-BoIAVH |
| Agencia transcriptora | CO-BoIAVH |
| 041 0# - IDIOMA | |
| Código de idioma para texto/pista de sonido o título separado | Español |
| 044 ## - PAÍS DE PUBLICACIÓN | |
| País de publicación | Colombia |
| 082 04 - NUMERO DE CLASIFICACION DECIMAL DEWEY | |
| Número de clasificación | 631.5 |
| Número del ítem | L75e |
| 245 00 - MENCION DE TITULO | |
| Título | Lineamientos para la especialización hortifrutícola del Valle del Cauca |
| Parte restante del título | resumen ejecutivo |
| 260 ## - PUBLICACION, DISTRIBUCION, ETC. (PIE DE IMPRENTA) | |
| Lugar de publicación, distribución, etc. | Santiago de Cali : |
| Nombre del editor, distribuidor, etc. | Gobernación del Valle del Cauca : |
| -- | Secretaría de Agricultura y Pesca : |
| -- | PNUD, |
| Fecha de publicación, distribución, etc. | 2002. |
| 300 ## - DESCRIPCION FISICA | |
| Extensión | 58 páginas : |
| Otros detalles físicos | tablas ; |
| Dimensiones | 24 x 17 cm. |
| 650 26 - ASIENTO SECUNDARIO DE MATERIA - TERMINO TEMATICO | |
| Término temático o nombre geográfico como elemento de entrada | Horticultura |
| Subdivisión geográfica | Colombia |
| -- | Valle del Cauca (Departamento) |
| 9 (RLIN) | 76860 |
| 650 26 - ASIENTO SECUNDARIO DE MATERIA - TERMINO TEMATICO | |
| Término temático o nombre geográfico como elemento de entrada | Fruticultura |
| Subdivisión geográfica | Colombia |
| -- | Valle del Cauca (Departamento) |
| 9 (RLIN) | 76861 |
| 710 2# - ASIENTO SECUNDARIO - NOMBRE CORPORATIVO | |
| Nombre corporativo o de jurisdicción como elemento de entrada | Departamento del Valle del Cauca |
| Unidad subordinada | Secretaría de Agricultura y Pesca |
| 9 (RLIN) | 76862 |
| 942 ## - ELEMENTOS ADICIONALES (KOHA) | |
| Tipo de ítem | Libro |
| Sistema de clasificación | Dewey Decimal Classification |
| Withdrawn status | Lost status | Sistema de Clasificación | Damaged status | No para préstamo | Colección | Inventariado | Ubicación Permanente | Ubicación actual | Fecha de adquisición | Fuente de Valor | Valor | Total Checkouts | Número topográfico | Inventario / Código de Barras | Date last seen | Ejemplar | Price effective from | Forma de adquisición | Tipo de material |
|---|---|---|---|---|---|---|---|---|---|---|---|---|---|---|---|---|---|---|---|
| Dewey Decimal Classification | General | Inventariado 2017 | Bogotá | Bogotá | 22/05/2007 | Instituto | 15000.00 | LB-631.5 L75e | 024356 | 04/12/2012 | Ej.1 | 04/12/2012 | Donación | Libro |